000 01833nam0a2200385 4500
001 RU\NLR\BIBL_A\012856956
005 20220915114118.0
010 _a978-5-17-147219-1
_95000
021 _aRU
_bКН-П-22-030206
_9КН-П-22-2575
035 _a(NLR Aleph) 012856956
035 _a(RuMoRGB)011074847
090 _a12445622
_c12445622
100 _a20220729d2022 b y0rusy50 ca
101 0 _arus
102 _aRU
105 _aa z 000gy
181 0 _ab3
_bxb2e
181 0 _ai2
_baxxe
182 0 _an
200 1 _aВесёлый счет
_eот одного до десяти
_e[стихи
_eкнижка-игрушка с вырубкой
_eдля дошкольного возраста]
_fС. Маршак
_g[художники: С. Бордюг, Н. Трепенок]
203 _aИзображение
_aТекст
_bвизуальные
_cнепосредственные
210 _aМосква
_cМалыш
_cАСТ
_d2022
215 _a[10] с.
_cцв. ил.
_d28
225 1 _aМалыш, читай!
330 _aКак научить ребёнка считать до десяти? Самый лёгкий способ - прочитать стихотворение С. Маршака Веселый счёт!
333 _a0+; 6-
686 0 _aШ9(2)60=Р7-5
700 1 _7ca
_8rus
_aМаршак
_bС. Я.
_f1887-1964
_gСамуил Яковлевич
_9114767
_3RU\NLR\AUTH\774792
702 1 _4040
_7ca
_8rus
_aБордюг
_bС. И.
_cхудожник
_f1953-
_gСергей Иванович
_928664
_3RU\NLR\AUTH\7745729
702 1 _4040
_7ca
_8rus
_aТрепенок
_bН. А.
_cхудожник
_f1953-
_gНаталья Альфонсовна
_966878
_3RU\NLR\AUTH\7783950
942 _cBOOK
980 _aNB